000 00766nam a2200253Ia 4500
003 OSt
005 20220918173337.0
006 a|||||r|||| 00| 0
007 ta
008 220917b |||||||| |||| 00| 0 eng d
024 _a6,171
037 _cTextual
040 _aARTS
_cARTS
_beng
041 _2eng
_aeng
082 _a2:55p3,N83, M3 (2D)
110 _aMarc User's Group Seminar (London)
_945810
245 0 _aProceedings
_b Databases for books their uses for selling acquiring and cataloguing
260 _aLondon
_bLibrary Association
_c1983
300 _a58p.
_ccm.
650 _aLIBRARY SCIENCE
700 _aMarc User's Group Seminar (London)
_945811
942 _h2:55p3,N83, M3 (2D)
_cTEXL
_2CC
999 _c148160
_d148160